[Event "NED-ch 1983"]
[Site "Hilversum"]
[Date "1983.??.??"]
[Round "1"]
[White "Cuijpers, Frans"]
[Black "Van Wijgerden, Cor"]
[Result "1/2-1/2"]
[WhiteElo "2255"]
[BlackElo "2440"]
[PlyCount "42"]
[EventDate "1983.04.??"]
[Source "ChessBase"]
[SourceDate "1999.07.01"]

1. e4 g6 2. d4 Bg7 3. Nc3 d6 4. f4 Nf6 5. Nf3 c5 6. Bb5+ Bd7 7. e5 Ng4 8. Bxd7+
Qxd7 9. d5 dxe5 10. h3 e4 11. Nxe4 Nf6 12. Nxf6+ Bxf6 13. O-O O-O 14. c4 e6 15.
Ne5 Qd6 16. Qb3 Nd7 17. Qxb7 Nxe5 18. fxe5 Qxe5 19. Bh6 Bg7 20. Bxg7 Qxg7 21.
Rad1 Rab8 1/2-1/2

[Event "NED-ch 1983"]
[Site "Hilversum"]
[Date "1983.??.??"]
[Round "1"]
[White "Langeweg, Kick"]
[Black "Van der Wiel, John"]
[Result "1-0"]
[WhiteElo "2395"]
[BlackElo "2530"]
[PlyCount "55"]
[EventDate "1983.04.??"]
[Source "ChessBase"]
[SourceDate "1999.07.01"]

1. d4 Nf6 2. c4 e6 3. Nc3 Bb4 4. Qc2 c5 5. dxc5 O-O 6. a3 Bxc5 7. Nf3 Nc6 8.
Bf4 d5 9. e3 Re8 10. Be2 e5 11. Bg5 d4 12. O-O-O Qa5 13. exd4 Nxd4 14. Nxd4
Bxd4 15. Nb5 Qb6 16. Bxf6 Qxf6 17. Nc7 Bf5 18. Nxe8 Rxe8 19. Bd3 e4 20. Rhe1
Qg5+ 21. Qd2 Qxg2 22. Bf1 Qxf2 23. Qxd4 Qxh2 24. Qe3 Bg6 25. Be2 f5 26. Rf1 Rc8
27. Rd7 b5 28. Qd4 1-0

[Event "NED-ch 1983"]
[Site "Hilversum"]
[Date "1983.??.??"]
[Round "1"]
[White "Ligterink, Gert"]
[Black "Van der Sterren, Paul"]
[Result "0-1"]
[WhiteElo "2440"]
[BlackElo "2460"]
[PlyCount "58"]
[EventDate "1983.04.??"]
[Source "ChessBase"]
[SourceDate "1999.07.01"]

1. d4 d5 2. c4 e6 3. Nc3 Nf6 4. Bg5 Be7 5. e3 O-O 6. Nf3 h6 7. Bxf6 Bxf6 8. Rc1
c6 9. Bd3 Nd7 10. O-O dxc4 11. Bxc4 e5 12. Ne4 exd4 13. Nxf6+ Nxf6 14. Qxd4 Bg4
15. Qf4 Qe7 16. Nd4 Rad8 17. Bb3 Rfe8 18. h3 Bc8 19. Rfd1 Qd6 20. Qf3 Qe5 21.
Ba4 Rd6 22. b4 Ne4 23. Qe2 Rg6 24. f4 Qe7 25. f5 Rg3 26. a3 Ng5 27. Re1 Nxh3+
28. Kf1 Ng5 29. Bb3 Qe4 0-1

[Event "NED-ch 1983"]
[Site "Hilversum"]
[Date "1983.??.??"]
[Round "1"]
[White "Ree, Hans"]
[Black "Timmerman, Gert"]
[Result "1-0"]
[WhiteElo "2500"]
[BlackElo "2285"]
[PlyCount "55"]
[EventDate "1983.04.??"]
[Source "ChessBase"]
[SourceDate "1999.07.01"]

1. d4 Nf6 2. c4 c5 3. d5 Ne4 4. Qc2 Qa5+ 5. Nd2 Nd6 6. e4 g6 7. Ngf3 Bg7 8. Bd3
Na6 9. a3 b5 10. cxb5 Nxb5 11. O-O O-O 12. Nc4 Qd8 13. Bd2 d6 14. Ba5 Qe8 15.
h3 Bd7 16. Qe2 Qc8 17. e5 Re8 18. a4 Nbc7 19. exd6 exd6 20. Nxd6 Rxe2 21. Nxc8
Rxb2 22. Ne7+ Kf8 23. d6 Rb3 24. Rad1 Bf6 25. dxc7 Nxc7 26. Bxc7 Kxe7 27. Bd6+
Ke8 28. Rfe1+ 1-0

[Event "NED-ch 1983"]
[Site "Hilversum"]
[Date "1983.??.??"]
[Round "1"]
[White "Timman, Jan"]
[Black "Van Scheltinga, Theo"]
[Result "1-0"]
[WhiteElo "2605"]
[BlackElo "2325"]
[PlyCount "89"]
[EventDate "1983.04.??"]
[Source "ChessBase"]
[SourceDate "1999.07.01"]

1. e4 c5 2. Nf3 e6 3. d4 cxd4 4. Nxd4 a6 5. Bd3 Bc5 6. Nb3 Ba7 7. Qe2 Nc6 8.
Be3 Bxe3 9. Qxe3 d6 10. Nc3 Nf6 11. O-O-O Qc7 12. g4 Bd7 13. g5 Ng8 14. Be2
O-O-O 15. Nd2 Be8 16. f4 Nge7 17. Bf3 Kb8 18. Nb3 Nc8 19. Kb1 Na5 20. Qd4 Rg8
21. Nxa5 Qxa5 22. h4 Bc6 23. Qd3 Rh8 24. Ne2 e5 25. f5 h6 26. Nc3 Ne7 27. a3
Qb6 28. Qe2 Qc7 29. Qf2 hxg5 30. hxg5 f6 31. Rhg1 Rh7 32. Rg3 Rdh8 33. Qd2 Nc8
34. gxf6 gxf6 35. Rg6 Rf8 36. Be2 Rh4 37. Qe1 Rh7 38. Bc4 Be8 39. Rg8 Rxg8 40.
Bxg8 Rh2 41. Qg3 Rh6 42. Nd5 Qd8 43. Be6 Na7 44. Qg7 Rh2 45. Nb4 1-0

[Event "NED-ch 1983"]
[Site "Hilversum"]
[Date "1983.??.??"]
[Round "1"]
[White "Van der Vliet, Fred"]
[Black "Bohm, Hans"]
[Result "1/2-1/2"]
[WhiteElo "2370"]
[BlackElo "2380"]
[PlyCount "46"]
[EventDate "1983.04.??"]
[Source "ChessBase"]
[SourceDate "1999.07.01"]

1. c4 c5 2. Nf3 Nf6 3. d4 cxd4 4. Nxd4 e6 5. Nc3 Bc5 6. Nb3 Bb4 7. Bd2 O-O 8.
a3 Bxc3 9. Bxc3 d5 10. e3 b6 11. Be2 Ba6 12. cxd5 Nxd5 13. Rc1 Qh4 14. Bxa6
Nxa6 15. Qd4 Qxd4 16. Bxd4 Rac8 17. Ke2 f6 18. g3 e5 19. e4 exd4 20. exd5 Rcd8
21. Rhd1 Rfe8+ 22. Kf1 Rxd5 23. Rxd4 Rb5 1/2-1/2

[Event "NED-ch 1983"]
[Site "Hilversum"]
[Date "1983.??.??"]
[Round "2"]
[White "Bohm, Hans"]
[Black "Langeweg, Kick"]
[Result "1/2-1/2"]
[WhiteElo "2380"]
[BlackElo "2395"]
[PlyCount "53"]
[EventDate "1983.04.??"]
[Source "ChessBase"]
[SourceDate "1999.07.01"]

1. d4 Nf6 2. c4 e6 3. Nc3 Bb4 4. Qc2 O-O 5. a3 Bxc3+ 6. Qxc3 d6 7. e3 b6 8. Be2
Bb7 9. Nf3 Nbd7 10. O-O c5 11. Rd1 Ne4 12. Qe1 Rc8 13. Nd2 Nef6 14. b3 cxd4 15.
exd4 d5 16. a4 Re8 17. Bb2 Nb8 18. Rac1 dxc4 19. bxc4 Bc6 20. Ra1 Qd7 21. a5 b5
22. Qf1 bxc4 23. Nxc4 Bb5 24. Rdc1 Bxc4 25. Bxc4 Red8 26. Ra3 Nd5 27. g3
1/2-1/2

[Event "NED-ch 1983"]
[Site "Hilversum"]
[Date "1983.??.??"]
[Round "2"]
[White "Ligterink, Gert"]
[Black "Cuijpers, Frans"]
[Result "1-0"]
[WhiteElo "2440"]
[BlackElo "2255"]
[PlyCount "69"]
[EventDate "1983.04.??"]
[Source "ChessBase"]
[SourceDate "1999.07.01"]

1. d4 d5 2. c4 c6 3. Nf3 Nf6 4. Nc3 dxc4 5. a4 Bf5 6. e3 e6 7. Bxc4 Bb4 8. O-O
O-O 9. Nh4 Bg4 10. f3 Bh5 11. g4 Bg6 12. Nxg6 hxg6 13. e4 Qe7 14. g5 Nfd7 15.
f4 e5 16. fxe5 Nxe5 17. Bb3 Rd8 18. Be3 Bc5 19. Kh1 Na6 20. Rf2 Bxd4 21. Bxd4
Qxg5 22. Bxf7+ Nxf7 23. Rxf7 Rxd4 24. Qxd4 Kxf7 25. Qd7+ Kg8 26. Qxb7 Rb8 27.
Qxa6 Rxb2 28. Qc8+ Kh7 29. Qh3+ Kg8 30. Rg1 Qf6 31. Rf1 Qg5 32. Qg3 Qc5 33. Rd1
Qh5 34. Rd8+ Kh7 35. Rd3 1-0

[Event "NED-ch 1983"]
[Site "Hilversum"]
[Date "1983.??.??"]
[Round "2"]
[White "Van Scheltinga, Theo"]
[Black "Van der Vliet, Fred"]
[Result "1-0"]
[WhiteElo "2325"]
[BlackElo "2370"]
[PlyCount "77"]
[EventDate "1983.04.??"]
[Source "ChessBase"]
[SourceDate "1999.07.01"]

1. Nf3 d6 2. d4 g6 3. Bf4 Bg7 4. e3 Nd7 5. Bc4 e6 6. Nbd2 Ne7 7. c3 O-O 8. Qe2
Nb6 9. Bb3 Nbd5 10. Bg3 Nf5 11. e4 Nxg3 12. hxg3 Ne7 13. e5 d5 14. g4 h6 15.
Qe3 g5 16. O-O-O Ng6 17. Bc2 Bd7 18. g3 Rc8 19. Ne1 f5 20. f4 Be8 21. gxf5 exf5
22. fxg5 Qxg5 23. Qxg5 hxg5 24. Ndf3 f4 25. g4 c5 26. Bf5 Rc6 27. Nxg5 cxd4 28.
Be6+ Rxe6 29. Nxe6 Rf7 30. cxd4 f3 31. Nd3 Bb5 32. Nf2 Be2 33. Rd2 Re7 34. Nxg7
Kxg7 35. Rc2 Nf4 36. Kd2 Kg6 37. Rc8 Ng2 38. Rg8+ Kf7 39. Rh7+ 1-0

[Event "NED-ch 1983"]
[Site "Hilversum"]
[Date "1983.??.??"]
[Round "2"]
[White "Van Wijgerden, Cor"]
[Black "Ree, Hans"]
[Result "0-1"]
[WhiteElo "2440"]
[BlackElo "2500"]
[PlyCount "90"]
[EventDate "1983.04.??"]
[Source "ChessBase"]
[SourceDate "1999.07.01"]

1. e4 e6 2. Nc3 d5 3. d4 Nf6 4. e5 Nfd7 5. f4 c5 6. Nf3 Nc6 7. Be3 cxd4 8. Nxd4
Qb6 9. Qd2 Qxb2 10. Rb1 Qa3 11. Rb3 Qa5 12. Ncb5 Qd8 13. Qc3 Ndb8 14. Nf3 Be7
15. Bc5 O-O 16. Bxe7 Qxe7 17. Bd3 f5 18. Nd6 b6 19. O-O Bd7 20. Ra3 Na5 21. Nd4
Nbc6 22. Nxc6 Nxc6 23. Rb1 Qd8 24. Qd2 Na5 25. Rc3 Bc6 26. Ba6 Rb8 27. Be2 b5
28. Qd4 Nc4 29. Bxc4 bxc4 30. Rd1 Qa5 31. Rg3 Qxa2 32. Qc5 Rb1 33. Rf1 Rxf1+
34. Kxf1 Qb1+ 35. Ke2 Qxc2+ 36. Ke1 Rb8 37. Nb5 Qb1+ 38. Kf2 Qxb5 39. Rxg7+
Kxg7 40. Qe7+ Kg8 41. Qxe6+ Kf8 42. Qxf5+ Ke8 43. Qxh7 Qc5+ 44. Kg3 Rb3+ 45.
Kg4 Bd7+ 0-1

[Event "NED-ch 1983"]
[Site "Hilversum"]
[Date "1983.??.??"]
[Round "2"]
[White "Van der Sterren, Paul"]
[Black "Van der Wiel, John"]
[Result "1/2-1/2"]
[WhiteElo "2460"]
[BlackElo "2530"]
[PlyCount "117"]
[EventDate "1983.04.??"]
[Source "ChessBase"]
[SourceDate "1999.07.01"]

1. d4 Nf6 2. c4 e6 3. Nf3 d5 4. Bg5 Be7 5. Nc3 h6 6. Bh4 O-O 7. e3 b6 8. Qb3
Bb7 9. Bxf6 Bxf6 10. cxd5 Bxd5 11. Nxd5 exd5 12. Rc1 Qd6 13. Qc2 Rc8 14. Qf5
Re8 15. Qc2 c6 16. Bd3 Qb4+ 17. Qd2 a5 18. a3 Qxd2+ 19. Kxd2 a4 20. Ng1 c5 21.
Ne2 Rd8 22. Bb1 Nc6 23. Ba2 Rac8 24. Kd3 c4+ 25. Kd2 b5 26. Ra1 Be7 27. Bb1 Na5
28. Bc2 c3+ 29. Nxc3 Nc4+ 30. Kc1 Nxa3 31. bxa3 Rxc3 32. Kd2 Rxa3 33. Rxa3 Bxa3
34. Rb1 Be7 35. Rxb5 Ra8 36. Bb1 Ra5 37. Rxa5 Bb4+ 38. Kd3 Bxa5 39. Ba2 Kf8 40.
Bxd5 Bc7 41. h3 Ke7 42. Ba2 Ba5 43. e4 g5 44. e5 Be1 45. Ke2 Bc3 46. Kd3 Be1
47. f3 f6 48. Ke4 fxe5 49. dxe5 Kf8 50. Kf5 Kg7 51. Kg4 Bc3 52. Kf5 Be1 53. Kg4
Bc3 54. h4 Bxe5 55. hxg5 hxg5 56. Kxg5 a3 57. f4 Bd6 58. Kf5 Bc7 59. g3 1/2-1/2

[Event "NED-ch 1983"]
[Site "Hilversum"]
[Date "1983.??.??"]
[Round "3"]
[White "Cuijpers, Frans"]
[Black "Van der Sterren, Paul"]
[Result "1/2-1/2"]
[WhiteElo "2255"]
[BlackElo "2460"]
[PlyCount "83"]
[EventDate "1983.04.??"]
[Source "ChessBase"]
[SourceDate "1999.07.01"]

1. e4 d6 2. d4 Nf6 3. Nc3 g6 4. f4 Bg7 5. Nf3 c5 6. Bb5+ Bd7 7. e5 Ng4 8. Bxd7+
Qxd7 9. d5 dxe5 10. h3 e4 11. Nxe4 Nf6 12. Nxf6+ Bxf6 13. O-O O-O 14. c4 e6 15.
Ne5 Qd6 16. Qb3 b6 17. Ng4 Bg7 18. Qf3 f5 19. Ne5 Nd7 20. Nc6 Rfe8 21. Rd1 Nf6
22. Rb1 exd5 23. cxd5 Re4 24. Qb3 Rae8 25. Ne5 c4 26. Qb5 Rc8 27. Qa6 Rc7 28.
b3 c3 29. Ba3 Qd8 30. d6 c2 31. dxc7 Qxc7 32. Qd3 cxb1=Q 33. Rxb1 Rxf4 34. Bd6
Qb7 35. Rc1 Ne8 36. b4 Bxe5 37. Bxe5 Re4 38. Bb2 Re6 39. Qd4 Nf6 40. Qd8+ Ne8
41. Qd4 Nf6 42. Qd8+ 1/2-1/2

[Event "NED-ch 1983"]
[Site "Hilversum"]
[Date "1983.??.??"]
[Round "3"]
[White "Langeweg, Kick"]
[Black "Van Scheltinga, Theo"]
[Result "1-0"]
[WhiteElo "2395"]
[BlackElo "2325"]
[PlyCount "93"]
[EventDate "1983.04.??"]
[Source "ChessBase"]
[SourceDate "1999.07.01"]

1. d4 d5 2. c4 e6 3. Nc3 c6 4. Nf3 Nf6 5. Bg5 Nbd7 6. e3 Qa5 7. Nd2 Bb4 8. Qc2
dxc4 9. Bxf6 Nxf6 10. Nxc4 Qc7 11. Be2 O-O 12. O-O Bd7 13. a3 Be7 14. b4 b6 15.
Rfc1 Rfc8 16. Rab1 Be8 17. Ne4 Nd5 18. Bd3 a5 19. bxa5 b5 20. Nb6 Nxb6 21. axb6
Qxb6 22. a4 b4 23. Nc5 h6 24. Qc4 Rcb8 25. Bc2 Ra5 26. Bb3 Bxc5 27. dxc5 Qa7
28. Qd4 Qd7 29. Qf4 Rb7 30. Rb2 Qe7 31. Rbc2 e5 32. Qe4 Ra8 33. Rd2 Ra5 34. Qc4
Bd7 35. Rd6 Be6 36. Qd3 Ra8 37. Bxe6 fxe6 38. Qb3 Kf7 39. Rcd1 Ra5 40. f4 Rxc5
41. f5 Rc1 42. fxe6+ Ke8 43. Rxc1 Qxd6 44. Rd1 Qe7 45. Qc4 c5 46. Qe4 Kf8 47.
Rf1+ 1-0

[Event "NED-ch 1983"]
[Site "Hilversum"]
[Date "1983.??.??"]
[Round "3"]
[White "Ree, Hans"]
[Black "Ligterink, Gert"]
[Result "1-0"]
[WhiteElo "2500"]
[BlackElo "2440"]
[PlyCount "81"]
[EventDate "1983.04.??"]
[Source "ChessBase"]
[SourceDate "1999.07.01"]

1. d4 Nf6 2. c4 e6 3. Nf3 b6 4. Nc3 Bb7 5. e3 Bb4 6. Bd3 O-O 7. O-O d5 8. a3
Bd6 9. cxd5 exd5 10. b4 Nbd7 11. Qb3 Re8 12. a4 c6 13. Ba3 Rb8 14. Rfe1 c5 15.
bxc5 bxc5 16. Qc2 Bf8 17. dxc5 Bxc5 18. Nb5 Bxa3 19. Rxa3 Qa5 20. Qc3 Qxc3 21.
Rxc3 Rec8 22. Rec1 Rxc3 23. Rxc3 a5 24. Rc7 Ba6 25. h3 g6 26. Nfd4 Rb6 27. Nc6
Rb7 28. Rxb7 Bxb7 29. Nxa5 Ba6 30. Nb3 Kf8 31. Kf1 Ke7 32. Ke2 Ne4 33. Bxe4
dxe4 34. Kd2 Nb6 35. Nc5 Bxb5 36. axb5 f5 37. Kc3 Kd6 38. Kd4 Nc8 39. Na4 Ne7
40. Nb6 h5 41. Nc4+ 1-0

[Event "NED-ch 1983"]
[Site "Hilversum"]
[Date "1983.??.??"]
[Round "3"]
[White "Timman, Jan"]
[Black "Van Wijgerden, Cor"]
[Result "1/2-1/2"]
[WhiteElo "2605"]
[BlackElo "2440"]
[PlyCount "113"]
[EventDate "1983.04.??"]
[Source "ChessBase"]
[SourceDate "1999.07.01"]

1. e4 d6 2. d4 Nf6 3. Nc3 g6 4. f4 Bg7 5. Nf3 c5 6. Bb5+ Bd7 7. e5 Ng4 8. e6
Bxb5 9. exf7+ Kd7 10. Nxb5 Qa5+ 11. Nc3 cxd4 12. Nxd4 Bxd4 13. Qxd4 Nc6 14. Qc4
Qb6 15. Qe2 h5 16. Bd2 Nd4 17. Qd3 Nf5 18. Ne4 Rac8 19. O-O-O Nge3 20. Bxe3
Nxe3 21. Nc3 Nxd1 22. Rxd1 Rhf8 23. Qh3+ e6 24. Re1 d5 25. Nxd5 Qc6 26. Nb4 Qc4
27. Qd3+ Ke7 28. Qxc4 Rxc4 29. Nd3 Rfc8 30. c3 Ra4 31. Ne5 Rxa2 32. Re3 Ra5 33.
Rg3 Rxe5 34. fxe5 Kxf7 35. Rf3+ Kg7 36. Rf6 Rc6 37. Kd2 a5 38. b3 b5 39. Kd3 a4
40. bxa4 bxa4 41. c4 a3 42. Rf2 Ra6 43. Ra2 Ra5 44. Kd4 Kf7 45. c5 Ra4+ 46. Kc3
Re4 47. Rxa3 Rxe5 48. Kc4 Re2 49. Rf3+ Ke7 50. Rg3 Rc2+ 51. Kb4 Kf6 52. Rc3
Rb2+ 53. Ka3 Rb8 54. h4 e5 55. Rb3 Re8 56. Kb2 Rc8 57. Rb5 1/2-1/2

[Event "NED-ch 1983"]
[Site "Hilversum"]
[Date "1983.??.??"]
[Round "3"]
[White "Van der Vliet, Fred"]
[Black "Timmerman, Gert"]
[Result "1/2-1/2"]
[WhiteElo "2370"]
[BlackElo "2285"]
[PlyCount "114"]
[EventDate "1983.04.??"]
[Source "ChessBase"]
[SourceDate "1999.07.01"]

1. c4 c5 2. Nf3 Nf6 3. g3 g6 4. Bg2 Bg7 5. O-O O-O 6. d4 cxd4 7. Nxd4 Nc6 8.
Nc3 Nxd4 9. Qxd4 d6 10. Qd3 Bf5 11. e4 Be6 12. b3 Qa5 13. Bd2 Qh5 14. f3 Rac8
15. Rac1 a6 16. Rfd1 Bh6 17. Bxh6 Qxh6 18. Rc2 Qh5 19. Rdc1 Qa5 20. Kh1 Rc7 21.
Bf1 Rfc8 22. Be2 Bd7 23. Nd1 b5 24. Ne3 b4 25. Qd2 Qb6 26. Nd5 Nxd5 27. exd5 a5
28. Re1 Ra8 29. Bd3 Bc8 30. Re4 Bf5 31. Rh4 Bxd3 32. Qxd3 a4 33. Rd4 axb3 34.
axb3 Ra1+ 35. Kg2 Rca7 36. Rd2 Re1 37. Re4 Qg1+ 38. Kh3 Raa1 39. Rg2 Qh1 40.
Ree2 Qf1 41. Rd2 Rac1 42. Qxf1 Rxf1 43. Rge2 Kf8 44. Kg2 Rfd1 45. Ra2 Ra1 46.
Rxa1 Rxa1 47. g4 Rb1 48. Re3 Ke8 49. f4 Kd7 50. f5 Rb2+ 51. Kg3 g5 52. h4 h6
53. hxg5 hxg5 54. Kf3 Rh2 55. Kg3 Rb2 56. Kf3 Rh2 57. Kg3 Rb2 1/2-1/2

[Event "NED-ch 1983"]
[Site "Hilversum"]
[Date "1983.??.??"]
[Round "4"]
[White "Cuijpers, Frans"]
[Black "Ree, Hans"]
[Result "1/2-1/2"]
[WhiteElo "2255"]
[BlackElo "2500"]
[PlyCount "82"]
[EventDate "1983.04.??"]
[Source "ChessBase"]
[SourceDate "1999.07.01"]

1. e4 e6 2. d4 d5 3. Nc3 Nf6 4. Bg5 Bb4 5. e5 h6 6. Be3 Ne4 7. Qg4 g6 8. a3
Bxc3+ 9. bxc3 Nxc3 10. Bd3 Nc6 11. h4 Bd7 12. h5 g5 13. Nh3 Qe7 14. f4 gxf4 15.
Bf2 Qf8 16. Qxf4 O-O-O 17. Bh4 Re8 18. Nf2 Rg8 19. O-O Ne7 20. Bf6 Nf5 21. Qd2
Ne4 22. Nxe4 dxe4 23. Bxe4 Ng3 24. Bf3 Nxf1 25. Kxf1 Bc6 26. Kf2 Bxf3 27. Kxf3
Kb8 28. g4 Rc8 29. c4 Qe8 30. Qxh6 Qc6+ 31. Kg3 Qxc4 32. Qe3 Qc2 33. Rc1 Qf5
34. g5 c6 35. h6 Rc7 36. Rh1 Qh7 37. Kf4 Qf5+ 38. Kg3 Qh7 39. Rh4 Rd7 40. Qe4
Rg6 41. Kf4 Rd5 1/2-1/2

[Event "NED-ch 1983"]
[Site "Hilversum"]
[Date "1983.??.??"]
[Round "4"]
[White "Ligterink, Gert"]
[Black "Timman, Jan"]
[Result "1/2-1/2"]
[WhiteElo "2440"]
[BlackElo "2605"]
[PlyCount "72"]
[EventDate "1983.04.??"]
[Source "ChessBase"]
[SourceDate "1999.07.01"]

1. d4 Nf6 2. c4 e6 3. Nf3 Bb4+ 4. Bd2 a5 5. g3 b6 6. Bg2 Bb7 7. O-O O-O 8. Bf4
Be7 9. Nc3 Ne4 10. Na4 Na6 11. Rc1 f5 12. Nd2 Nxd2 13. Qxd2 Bxg2 14. Kxg2 d5
15. Qc2 Qd7 16. cxd5 Qxd5+ 17. Kg1 Qxd4 18. Qb3 Nc5 19. Nxc5 Bxc5 20. Qxe6+ Kh8
21. Be5 Qa4 22. Qh6 Rf7 23. a3 Re8 24. Qf4 Qb5 25. e3 Kg8 26. Bc3 Bd6 27. Qf3
Be5 28. Bxe5 Qxe5 29. b4 axb4 30. axb4 Qe4 31. Qxe4 Rxe4 32. Rfd1 h5 33. Rd8+
Kh7 34. Rc8 Rxb4 35. R1xc7 Rxc7 36. Rxc7 h4 1/2-1/2

[Event "NED-ch 1983"]
[Site "Hilversum"]
[Date "1983.??.??"]
[Round "4"]
[White "Timmerman, Gert"]
[Black "Langeweg, Kick"]
[Result "0-1"]
[WhiteElo "2285"]
[BlackElo "2395"]
[PlyCount "74"]
[EventDate "1983.04.??"]
[Source "ChessBase"]
[SourceDate "1999.07.01"]

1. e4 e5 2. Nf3 Nc6 3. Nc3 Nf6 4. d4 exd4 5. Nd5 Be7 6. Nxd4 Nxd5 7. exd5 Nxd4
8. Qxd4 O-O 9. Be3 Bf6 10. Qb4 a5 11. Qa3 d6 12. O-O-O Bd7 13. Be2 Re8 14. Qd3
Qe7 15. Bf3 Qe5 16. c3 Bg5 17. Bxg5 Qxg5+ 18. Qd2 Qh4 19. Qd4 Qxd4 20. Rxd4 Re5
21. Kd2 Kf8 22. Re1 Rxe1 23. Kxe1 Re8+ 24. Kd2 Bb5 25. Re4 Re5 26. Rxe5 dxe5
27. b3 b6 28. c4 Bd7 29. a3 Ke7 30. Kc3 Kd6 31. b4 axb4+ 32. axb4 f5 33. Be2 b5
34. Bd1 bxc4 35. Kxc4 Bc8 36. Bc2 g6 37. Bb3 Bb7 0-1

[Event "NED-ch 1983"]
[Site "Hilversum"]
[Date "1983.??.??"]
[Round "4"]
[White "Van Scheltinga, Theo"]
[Black "Van der Wiel, John"]
[Result "0-1"]
[WhiteElo "2325"]
[BlackElo "2530"]
[PlyCount "58"]
[EventDate "1983.04.??"]
[Source "ChessBase"]
[SourceDate "1999.07.01"]

1. Nf3 c5 2. c4 Nc6 3. Nc3 g6 4. g3 Bg7 5. Bg2 d6 6. d3 e5 7. O-O Nge7 8. Ne1
Be6 9. Nc2 d5 10. cxd5 Nxd5 11. Ne3 Nde7 12. Ne4 b6 13. f4 exf4 14. gxf4 f5 15.
Ng5 Bg8 16. Qa4 Qd7 17. Nc4 Rb8 18. Qc2 Rd8 19. Bd2 Nd4 20. Qd1 h6 21. Nh3
Nxe2+ 22. Qxe2 Qxd3 23. Qxd3 Rxd3 24. Nxb6 Bxb2 25. Rab1 Bd4+ 26. Nf2 Rxd2 27.
Na4 Bc4 28. Rb8+ Kd7 29. Rxh8 Bxf1 0-1

[Event "NED-ch 1983"]
[Site "Hilversum"]
[Date "1983.??.??"]
[Round "4"]
[White "Van Wijgerden, Cor"]
[Black "Van der Vliet, Fred"]
[Result "1/2-1/2"]
[WhiteElo "2440"]
[BlackElo "2370"]
[PlyCount "42"]
[EventDate "1983.04.??"]
[Source "ChessBase"]
[SourceDate "1999.07.01"]

1. e4 c5 2. c3 d5 3. exd5 Qxd5 4. d4 e6 5. Nf3 Nf6 6. Na3 cxd4 7. Nb5 Na6 8.
Qxd4 Bc5 9. Qxd5 Nxd5 10. a3 Nac7 11. Nxc7+ Nxc7 12. Bf4 Nd5 13. Bg3 Ke7 14.
O-O-O Rd8 15. Bc4 Bb6 16. Rhe1 Nf6 17. Rxd8 Bxd8 18. Nd4 Bd7 19. f3 Kf8 20. Rd1
a6 21. Bb3 Rc8 1/2-1/2

[Event "NED-ch 1983"]
[Site "Hilversum"]
[Date "1983.??.??"]
[Round "4"]
[White "Van der Sterren, Paul"]
[Black "Bohm, Hans"]
[Result "1-0"]
[WhiteElo "2460"]
[BlackElo "2380"]
[PlyCount "81"]
[EventDate "1983.04.??"]
[Source "ChessBase"]
[SourceDate "1999.07.01"]

1. d4 e6 2. c4 f5 3. g3 Nf6 4. Bg2 d5 5. Nc3 c6 6. Nh3 Bd6 7. O-O O-O 8. Qd3
Na6 9. a3 Nc7 10. Bf4 b6 11. Bxd6 Qxd6 12. Qc2 Ba6 13. cxd5 cxd5 14. Rfc1 Rfc8
15. Nf4 Qd7 16. Qd2 Bc4 17. Nd3 Bxd3 18. Qxd3 Nce8 19. e3 Nd6 20. Bf1 g5 21.
Qd1 Nfe4 22. Nxe4 Nxe4 23. Ba6 Rf8 24. Bd3 Rac8 25. Qh5 Qg7 26. Qd1 Qf7 27.
Rxc8 Rxc8 28. Rc1 Rc7 29. Rxc7 Qxc7 30. Qh5 Qe7 31. Bxe4 fxe4 32. Qh6 a5 33. a4
g4 34. Qh5 Qb4 35. Qe8+ Kg7 36. Qxe6 Qxa4 37. Qxg4+ Kf6 38. Qf4+ Ke6 39. Qe5+
Kd7 40. Qxd5+ Kc7 41. Qe5+ 1-0

[Event "NED-ch 1983"]
[Site "Hilversum"]
[Date "1983.??.??"]
[Round "5"]
[White "Bohm, Hans"]
[Black "Van Scheltinga, Theo"]
[Result "0-1"]
[WhiteElo "2380"]
[BlackElo "2325"]
[PlyCount "84"]
[EventDate "1983.04.??"]
[Source "ChessBase"]
[SourceDate "1999.07.01"]

1. d4 Nf6 2. c4 e6 3. Nc3 Bb4 4. Qc2 d5 5. cxd5 exd5 6. Bg5 O-O 7. a3 Bxc3+ 8.
Qxc3 h6 9. Bh4 c6 10. e3 Bf5 11. Bxf6 Qxf6 12. Nf3 Nd7 13. Be2 Qe7 14. b4 Be4
15. O-O Bxf3 16. Bxf3 Nf6 17. a4 a5 18. Rfb1 axb4 19. Rxb4 Rfc8 20. Rab1 Rc7
21. Qb3 Ra7 22. Qc2 g6 23. g3 Kg7 24. R1b3 Ra5 25. Qb1 Ra7 26. Bg2 h5 27. h4
Qd7 28. Qd1 Qe7 29. f3 Ra5 30. Kh2 c5 31. dxc5 Raxc5 32. Qd4 Rc4 33. Rxc4 Rxc4
34. Qa7 Qc7 35. e4 Rc3 36. Rxc3 Qxc3 37. e5 Qxe5 38. Qxb7 d4 39. Qb5 Qe3 40.
Qg5 Qe2 41. a5 d3 42. Qb5 Qc2 0-1

[Event "NED-ch 1983"]
[Site "Hilversum"]
[Date "1983.??.??"]
[Round "5"]
[White "Langeweg, Kick"]
[Black "Van Wijgerden, Cor"]
[Result "1/2-1/2"]
[WhiteElo "2395"]
[BlackElo "2440"]
[PlyCount "54"]
[EventDate "1983.04.??"]
[Source "ChessBase"]
[SourceDate "1999.07.01"]

1. d4 d6 2. Nf3 f5 3. g3 Nf6 4. Bg2 g6 5. O-O Bg7 6. c4 O-O 7. Nc3 c6 8. b3 Qc7
9. Ba3 a5 10. Rc1 Na6 11. d5 Bd7 12. Nd4 Nc5 13. Qd2 Rfc8 14. Rfd1 Qb6 15. dxc6
bxc6 16. Bxc5 Qxc5 17. Na4 Qa7 18. c5 e5 19. Nb5 cxb5 20. Bxa8 bxa4 21. Bd5+
Kh8 22. cxd6 Rxc1 23. Qxc1 Qa6 24. Bc4 Qb6 25. bxa4 Ne4 26. e3 Bf8 27. Bb3 Qc5
1/2-1/2

[Event "NED-ch 1983"]
[Site "Hilversum"]
[Date "1983.??.??"]
[Round "5"]
[White "Ree, Hans"]
[Black "Van der Sterren, Paul"]
[Result "1/2-1/2"]
[WhiteElo "2500"]
[BlackElo "2460"]
[PlyCount "76"]
[EventDate "1983.04.??"]
[Source "ChessBase"]
[SourceDate "1999.07.01"]

1. d4 d5 2. c4 e6 3. Nc3 Nf6 4. cxd5 exd5 5. Bg5 c6 6. e3 Be7 7. Bd3 O-O 8. Qc2
Nbd7 9. Nf3 Re8 10. O-O Nf8 11. Rab1 a5 12. a3 Ne4 13. Bxe7 Qxe7 14. Na4 Bg4
15. Ne5 Bh5 16. Nb6 Rad8 17. Bxe4 dxe4 18. Qc3 Qg5 19. Kh1 Rd6 20. f4 exf3 21.
Nxf3 Bxf3 22. Rxf3 Rde6 23. Nc4 a4 24. Rbf1 f6 25. e4 Rxe4 26. Nd6 Re3 27. Qc4+
R8e6 28. Rxe3 Qxe3 29. Nxb7 Qe2 30. Qc1 Re4 31. Na5 Rxd4 32. Re1 Qd2 33. Nxc6
Qxc1 34. Rxc1 Rd2 35. h3 Nd7 36. Rc4 Ne5 37. Nxe5 fxe5 38. Rxa4 Rxb2 1/2-1/2

[Event "NED-ch 1983"]
[Site "Hilversum"]
[Date "1983.??.??"]
[Round "5"]
[White "Van der Wiel, John"]
[Black "Timmerman, Gert"]
[Result "1-0"]
[WhiteElo "2530"]
[BlackElo "2285"]
[PlyCount "65"]
[EventDate "1983.04.??"]
[Source "ChessBase"]
[SourceDate "1999.07.01"]

1. e4 e5 2. Nf3 Nc6 3. Bb5 f5 4. Nc3 fxe4 5. Nxe4 Nf6 6. Qe2 d5 7. Nxf6+ gxf6
8. d4 Bg7 9. dxe5 O-O 10. e6 Re8 11. Be3 Bxe6 12. O-O-O a6 13. Bxc6 bxc6 14.
Qd3 Qd6 15. Qc3 Bg4 16. h3 Bh5 17. Kb1 Rab8 18. g4 Bg6 19. Bc5 f5 20. Nd4 Qf6
21. gxf5 Qxf5 22. Qd2 Qh5 23. f3 Qe5 24. h4 Rb5 25. Qc3 Qf4 26. h5 Re3 27. Nxb5
Rxc3 28. Nxc3 Bf5 29. Rde1 h6 30. Rhg1 Qxf3 31. Re8+ Kh7 32. Re7 Bg4 33. Bd4
1-0